Marketing nákupného centra Aupark Bratislava diplomová práca

Gespeichert in:
Bibliographische Detailangaben
1. Verfasser: Leštianska, Paulína
Körperschaft: Obchodná fakulta EU. Katedra marketingu
Weitere Verfasser: Francová, Zuzana, 1971-
Format: Buch
Sprache:Slowakisch
Veröffentlicht: Bratislava 2018
Tags: Tag hinzufügen
Keine Tags, Fügen Sie das erste Tag hinzu!

MARC

LEADER 00000nbm a2200000 4500
001 0243406
005 20180913150542.8
041 0 |a slo 
044 |a SK 
245 1 0 |a Marketing nákupného centra Aupark Bratislava  |b diplomová práca  |c Paulína Leštianska ; školiteľ: Zuzana Francová 
264 1 |a Bratislava  |c 2018 
300 |a 102 s. 
100 1 |a Leštianska, Paulína 
700 1 |a Francová, Zuzana, 1971- 
710 2 |a Obchodná fakulta EU. Katedra marketingu